| 000 -ლიდერი |
| ფიქსირებული სიგრძის საკონტროლო ველი |
02184nam a2200325Ia 4500 |
| 001 - საკონტროლო ნომერი |
| საკონტროლო ველი |
22467 |
| 003 - საკონტროლო ნომრის იდენტიფიკატორი |
| საკონტროლო ველი |
GE_BSU |
| 005 - ბოლო ოპერაციის თარიღი და დრო |
| საკონტროლო ველი |
20230320160657.0 |
| 008 - ფიქსირებული სიგრძის მონაცემთა ელემენტები - ზოგადი ინფორმაცია |
| ფიქსირებული სიგრძის საკონტროლო ველი |
181216s2011||||ge |||||||||||||| ||geo|| |
| 020 ## - წიგნის საერთაშორისო სტანდარტული ნომერი |
| International Standard Book Number |
9789941180279 |
| 040 ## - კატალოგიზაციის წყარო |
| Transcribing agency |
GE_BSU |
| 041 ## - ენის კოდი |
| Language code of text/sound track or separate title |
geo |
| 080 ## - უნივერსალური ათობითი კლასიფიკაციის ინდექსი |
| Universal Decimal Classification number |
94(479.22)"05/17":321.17(479.22) შ-24 |
| 100 ## - მთავარი ჩანაწერი - პიროვნების სახელი |
| Personal name |
შარაშიძე, გიორგი |
| 9 (RLIN) |
17229 |
| 245 ## - ცნობა სათაურის შესახებ |
| Title |
შესავალი ქართული ფეოდალიზმის კვლევაში : |
| Remainder of title |
(გიორგი ბრწყინვალის "ძეგლის დადება") / |
| Statement of responsibility, etc |
გიორგი შარაშიძე ; სერიის რედ. : გიგა ზედანია, მთარგმნ. მაია ქაცანაშვილი ; რედ. ნოდარ ლადარია. |
| 264 ## - წარმოების, გამოცემის, დისტრიბუციის და სხვა ცნობები |
| გამოცემის, წარმოების, დისტრიბუციის... ადგილი |
თბილისი : |
| გამოცემის, წარმოების, დისტრიბუციის... სახელწოდება |
ილიას სახელმწ. უნ-ტი, |
| გამოცემის, წარმოების, დისტრიბუციის... თარიღი |
2011. |
| 300 ## - ფიზიკური აღწერა |
| Extent |
182 გვ. ; |
| Dimensions |
20 სმ. |
| 490 ## - სერიის ცნობა |
| Series statement |
მოდერნულობის ისტორია და თეორია 1987-9407 |
| Volume number/sequential designation |
ტ. 2 |
| 500 ## - ზოგადი შენიშვნა |
| General note |
სერია იბეჭდება კავკასიის შვეიცარული აკადემიური ქსელის მხარდაჭერით |
| 504 ## - BIBLIOGRAPHY, ETC. NOTE |
| Bibliography, etc |
ბიბლიოგრაფია გვ. : 175-181 |
| 520 ## - SUMMARY, ETC. |
| Summary, etc |
სერია იბეჭდება კავკასიის შვეიცარული აკადემიური ქსელის მხარდაჭერით. |
| 653 ## - INDEX TERM--UNCONTROLLED |
| Uncontrolled term |
ისტორია |
| 653 ## - INDEX TERM--UNCONTROLLED |
| Uncontrolled term |
ფეოდალიზმის ისტორია საქართველოში |
| 653 ## - INDEX TERM--UNCONTROLLED |
| Uncontrolled term |
შესავალი ქართული ფეოდალიზმის კვლევაში |
| 700 ## - ADDED ENTRY--PERSONAL NAME |
| Personal name |
ქაცანაშვილი, მაია |
| Relator term |
მთარგმნელი |
| 9 (RLIN) |
5309 |
| 700 ## - ADDED ENTRY--PERSONAL NAME |
| Personal name |
ლადარია, ნოდარ |
| Relator term |
რედაქტორი |
| 9 (RLIN) |
8170 |
| 700 ## - ADDED ENTRY--PERSONAL NAME |
| Personal name |
ზედანია, გიგა |
| Relator term |
სერიის რედაქტორი |
| 9 (RLIN) |
14217 |
| 942 ## - ADDED ENTRY ELEMENTS (KOHA) |
| Koha item type |
წიგნი |
| Source of classification or shelving scheme |
|